Sports Quiz

Random Sports or WWE Quiz

WWE/TNA divas (some WWF divas) Quiz Stats

 Plays Quiz not verified by Sporcle

Score 0/91 Timer 16:00
0 Plays Today
% Correct
AJ
78.1%
Gail Kim
76.9%
Trish Stratus
75.6%
Mickie James
72.5%
Lita
72.5%
Angelina Love
70.6%
Kelly Kelly
70.6%
Michelle Mccool
69.4%
Brie Bella
69.4%
Layla
68.1%
Nikki Bella
68.1%
Beth Phoenix
67.5%
Natalya
66.9%
Velvet Sky
66.9%
Eve
66.9%
Tara
65.6%
Melina
61.9%
Alicia Fox
61.3%
Maryse
61.3%
Molly Holly
60%
Jazz
60%
Candice Michelle
59.4%
Ivory
58.8%
Sable
58.8%
Maria
58.8%
Kaitlyn
58.1%
Aksana
57.5%
Naomi
57.5%
Torrie Wilson
56.9%
Awesome Kong
55.6%
Chyna
55%
% Correct
Cameron
55%
Madison Rayne
55%
Jillian Hall
54.4%
Ashley
53.1%
Stacy Keibler
52.5%
ODB
51.9%
Rosa Mendes
51.3%
Tamina
50.6%
Stephanie Mcmahon
48.8%
Dawn Marie
47.5%
Mae Young
46.9%
Fabulous Moolah
45%
Christy Hemme
45%
Winter
43.8%
Tiffany
43.8%
Paige
43.6%
Tori
43.5%
The Kat
42.8%
Taylor Wilde
41.9%
Maxine
41.3%
Cherry
40%
Terri
39%
Rosita
38.8%
Debra
38.3%
Brooke Tessmacher
38.1%
Sunny
38.1%
Luna
38.1%
Alundra
37.2%
Ariel
36.9%
Sarita
36.9%
Lacey Von Erich
34.6%
% Correct
Lilian Garcia
30.6%
Miss Elizabeth
30.2%
Wendi Richter
26.9%
Sensational Sherri
26.9%
Joy
26%
Traci
25.6%
So Cal Val
24.4%
Velvet Mcintyre
22.9%
Jaqueline
21.9%
Jamie Keyes
21.3%
Sojo Bolt
20.6%
Nicole Bass
20.3%
Leilani
19.8%
Lena Yada
18.8%
Raisha Saeed
18.1%
17.6%
Alissa Flash
16.9%
Sapphire
15.3%
Rakha Khan
14.4%
Queen Sharmell
13.8%
Ryan Shamrock
13.5%
Vickie Gurrero
11.3%
Raquel
11.1%
Audrey
10.4%
Major Gunns
9.5%
Sonia
6.9%
Sofia
6.3%
Caylee
6.3%
Saraya
4.9%

You're not logged in!

Compare scores with friends on all Sporcle quizzes.
OR
Log In

You Might Also Like...

Show Comments

Extras

Created Feb 13, 2013ReportNominate
Tags:WWE Quiz, diva, knockout, tna

Top Quizzes Today


Score Distribution

Your Account Isn't Verified!

In order to create a playlist on Sporcle, you need to verify the email address you used during registration. Go to your Sporcle Settings to finish the process.

Report this User

Report this user for behavior that violates our Community Guidelines.

Details: